Handbook on Social Audit in NGOs (Record no. 14730)

MARC details
000 -LEADER
fixed length control field 00680nam a2200241 a 4500
020 ## - INTERNATIONAL STANDARD BOOK NUMBER
ISBN
082 00 - DEWEY DECIMAL CLASSIFICATION NUMBER
Classification number 350.9
Author Cutter FIN
100 ## - MAIN ENTRY--AUTHOR NAME
Author name Financial Management Service Foundation,
245 ## - TITLE STATEMENT
Title Handbook on Social Audit in NGOs
260 ## - PUBLICATION, DISTRIBUTION, ETC. (IMPRINT)
Place of publication Noida
Name of publisher Financial Management Service Foundationnoida
Year of publication 2007
300 ## - PHYSICAL DESCRIPTION
Number of Pages 135p
500 ## - GENERAL NOTE
General note includes index and biblioraphy
505 2# - FORMATTED CONTENTS NOTE
Formatted contents note references, annexure
650 ## - SUBJECT ADDED ENTRY--TOPICAL TERM
Topical Term Accountability-Public
942 ## - ADDED ENTRY ELEMENTS (KOHA)
Koha item type Books
700 1# -
-- Financial Management Service Foundation,
Holdings
Collection code Home library Current library Date acquired Cost, normal purchase price Full call number Accession Number Koha item type
  Henry Martyn Institute Library Henry Martyn Institute Library 02/14/2008 200.00 350.9 FIN 022012 Books
                   Copyright © 2026 | Henry Martyn Institute | Hyderabad | TS-500052 | INDIA | Implemented by hmi.edu.in
Hit-Count:

Powered by Koha